Three Letter Words A-Z #4 - Statistics

General Stats
  • This quiz has been taken 115 times
  • The average score is 21 of 26
Answer Stats
hint word % Correct
O tree that has acorns oak
96%
E hurricane's center eye
95%
G same-sex attracted gay
95%
A 5th commonest word and
93%
Z public animal enclosure complex zoo
93%
Y hairy ox species yak
92%
B forbid ban
91%
N Brazil or pea, for example nut
91%
K relatives kin
90%
S jazz instrument sax
90%
F North African felt hat fez
88%
V singer Mr Morrison Van
88%
P small animal enclosure pen
87%
H folded and sewn cloth edge hem
86%
T golf accessory tee
85%
M representation of the features of an area of the earth showing them in their respective forms and sizes map
82%
L Hawaiian garland lei
78%
C shy, but artfully coy
76%
I "I", in German ich
74%
J black, especially of coal jet
74%
W opposite of wane wax
72%
R British rule in India raj
70%
X 21 XXI
70%
D Wham!, for example duo
41%
U in French and Spanish, it is EUA USA
32%
Q Arabian chewed leaf qat
24%
No matching quizzes found
Score Distribution
Percent of People with Each Score
Percentile by Number Answered
Your Score History
You have not taken this quiz